Program integrasi : (Record no. 129170)

MARC details
000 -LEADER
fixed length control field 00655nam a2200217 i 4500
001 - CONTROL NUMBER
control field C2-0330062
003 - CONTROL NUMBER IDENTIFIER
control field PPAK
005 - DATE AND TIME OF LATEST TRANSACTION
control field 20180728130942.0
008 - FIXED-LENGTH DATA ELEMENTS--GENERAL INFORMATION
fixed length control field 150317s2009 my a|||| ||||| | may d
040 ## - CATALOGING SOURCE
Original cataloging agency PPAK
Language of cataloging eng
Transcribing agency PPAK
Description conventions rda
082 04 - DEWEY DECIMAL CLASSIFICATION NUMBER
Classification number 305.8009595
Edition number 23
090 00 - LOCALLY ASSIGNED LC-TYPE CALL NUMBER (OCLC); LOCAL CALL NUMBER (RLIN)
Classification number (OCLC) (R) ; Classification number, CALL (RLIN) (NR) 305.8009595
Feature heading PRO
Feature heading G
245 00 - TITLE STATEMENT
Title Program integrasi :
Remainder of title peranan lelaki dan perempuan
264 #1 - PRODUCTION, PUBLICATION, DISTRIBUTION, MANUFACTURE, AND COPYRIGHT NOTICE
Place of production, publication, distribution, manufacture Kuala Lumpur :
Name of producer, publisher, distributor, manufacturer Kementerian Pertahanan Malaysia ,
Date of production, publication, distribution, manufacture, or copyright notice 2009
300 ## - PHYSICAL DESCRIPTION
Extent 30 pages :
Other physical details colour illustrations ;
Dimensions 26 cm
336 ## - CONTENT TYPE
Source rdacontent
Content type term text
337 ## - MEDIA TYPE
Source rdamedia
Media type term unmediated
338 ## - CARRIER TYPE
Source rdacarrier
Carrier type term volume
650 10 - SUBJECT ADDED ENTRY--TOPICAL TERM
Topical term or geographic name entry element Malaysia - Race relations.
942 ## - ADDED ENTRY ELEMENTS (KOHA)
-- dc
Koha item type Book
Holdings
Withdrawn Not for loan Current library Shelving location Date acquired Full call number Barcode Date last seen Koha item type
    Perpustakaan Alor Setar Pinjaman Dewasa 05/04/2015 305.8009595 PRO A00873582 09/05/2018 Book
    Perpustakaan Alor Setar Pinjaman Dewasa 05/04/2015 305.8009595 PRO A00873583 09/05/2018 Book
    Perpustakaan Awam Sungai Petani Pinjaman Dewasa 05/04/2015 305.8009595 PRO A00873584 09/05/2018 Book
    Perpustakaan Baling Pinjaman Dewasa 05/04/2015 305.8009595 PRO A00873587 09/05/2018 Book
    Perpustakaan Jitra Pinjaman Dewasa 05/04/2015 305.8009595 PRO A00873585 09/05/2018 Book
    Perpustakaan Kulim Pinjaman Dewasa 05/04/2015 305.8009595 PRO A00873586 09/05/2018 Book
    PD18, Kg. Wang Tepus, Jitra Pinjaman Dewasa 05/04/2015 305.8009595 PRO A00873579 09/05/2018 Book
    PD18, Kg. Wang Tepus, Jitra Pinjaman Dewasa 05/04/2015 305.8009595 PRO A00873580 09/05/2018 Book
    PD18, Kg. Wang Tepus, Jitra Pinjaman Dewasa 05/04/2015 305.8009595 PRO A00873581 09/05/2018 Book